| 000 | 00545nam a2200169 4500 | ||
|---|---|---|---|
| 008 | 161217b xxu||||| |||| 00| 0 eng d | ||
| 020 | _a0071382011 (pbk. : acid-free paper) | ||
| 082 |
_22002 _aDC 530.15 _bG35p |
||
| 100 |
_918347 _aGibilisco, Stan |
||
| 245 |
_aPhysics demystified / _cStan Gibilisco. |
||
| 260 |
_aNew York : _bMcGraw-Hill, _cc2002. |
||
| 300 |
_axiv, 599 pages : _billustrations ; _c24 cm |
||
| 500 | _aIncludes bibliographical references and index | ||
| 650 | 0 |
_918348 _aPhysics |
|
| 365 |
_b650.00 _cPhp |
||
| 942 |
_2ddc _cDC |
||
| 999 |
_c6053 _d6053 |
||